| 000 | 00449cam a2200157 4500 | ||
|---|---|---|---|
| 020 | _a0716702606 | ||
| 040 | _cDLC | ||
| 082 | 0 | 0 | _a550 FEE 1974 A058 Or. |
| 100 | 1 | _aMenard, Henry W. | |
| 245 | 1 | 0 |
_aGeology, resources, and society; _ban introduction to earth science |
| 260 |
_aSan Francisco, _bW. H. Freeman _c[1974] |
||
| 300 |
_axi, 621 p. _billus. _c25 cm. |
||
| 490 | 0 | _aA Series of books in geology | |
| 650 | 0 | _aEarth sciences. | |
| 942 | _cEK | ||
| 999 |
_c13862 _d13862 |
||